| 000 | 00565nam a2200169Ia 4500 | ||
|---|---|---|---|
| 008 | 240729s9999 xx 000 0 und d | ||
| 022 | _a2614-7076 | ||
| 245 | 0 | _aJournal of Applied Food Technology | |
| 260 | _aIndonesia | ||
| 260 | _bDiponegoro University, Faculty of Animal and Agricultural Sciences, Department of Food Technology | ||
| 650 | _a Chemical technology | ||
| 650 | _a Food processing and manufacture | ||
| 650 | _aAgriculture | Technology | ||
| 856 | _uhttps://doaj.org/toc/4943c14783094fd389c27289ef80481b | ||
| 942 | _2ddc | ||
| 942 | _cDOAJEJ | ||
| 999 |
_c68831 _d68831 |
||
| 945 |
_a1 _bMadushi Gamage _c1 _dMadushi Gamage |
||